000 00437nam a2200157 i 4500
001 30463
003 ES-MaACL
005 20230906154211.0
007 t|
008 030124s1908 sp ||||1| spa d
100 1 _aBayde, Elisabeth.
_926654
245 1 0 _aFortuna y salud aseguradas /
_cpor Elisabette Bayde.
260 _a[Barcelona :
_bs.n.,
_c1908] (
_fEsc. Tip. Salesiana)
300 _a232 p. ;
_c19 cm.
852 _aES-MaACL
_jD-1817
999 _c30463
_d30463